Infancia en indefensión /
Đã lưu trong:
| Tác giả chính: | |
|---|---|
| Định dạng: | Texto |
| Những chủ đề: | |
| Các nhãn: |
Thêm thẻ
Không có thẻ, Là người đầu tiên thẻ bản ghi này!
|
MARC
| LEADER | 00000 a a2200000 04500 | ||
|---|---|---|---|
| 001 | 4220 | ||
| 003 | |||
| 040 | |||
| 100 | |a Bustelo Graffigna, Eduardo | ||
| 245 | |a Infancia en indefensión / |c Eduardo Bustelo Graffigna | ||
| 650 | |a DERECHOS DEL NIÑO | ||
| 773 | |g número 138; páginas47-103 | ||
| 999 | |c 27630 |d 27630 | ||
